00619nam a2200181 a 4500999001500000020002700015020003000042082001100072100001700083245006200100260003500162300001800197650004500215700001700260856004800277942000700325952010500332 c9232d9232 a0495831034 (paperback) a9780495831037 (paperback) a300DYE1 aDye,Thomas R10aPower and society: An introduction to the social sciences aCalifornia:bWadsworth,c1975. axiii,466 p. ; aSocial sciencesaPower (Social sciences)1 aDye, Thomas.40uhttp://10.10.170.122:8080/browse/book/24075 cBK 001040708REFaREFbREFcREFd2014-08-27l0o300 DYE (Shelf - 21A)p19127r2014-08-27 00:00:00yBK